Arbeiter von Wien Liedtext - Statistiken

Allgemein
  • Dieses Quiz wurde 10 mal gespielt
  • Das Durchschnittsergebnis liegt bei 127 aus 207
Antwortstatistiken
Antwort % Korrekt
Arbeiter
100%
Wie
100%
Wien.
100%
du
88%
sind
88%
uns
88%
von
88%
Wir
88%
wir
88%
Wir,
88%
das
75%
den
75%
der
75%
die
75%
und
75%
dem
63%
Welt,
63%
Wenn
63%
Alles
50%
auch
50%
Bauvolk
50%
Fahne,
50%
Fahne,
50%
ihr
50%
kommenden
50%
rote
50%
Schnitter
50%
seine
50%
sich
50%
So
50%
Zukunft
50%
Macht,
38%
Eisen
38%
Fabriken,
38%
Feld.
38%
flammende,
38%
flieg
38%
flieg,
38%
getreue
38%
Kämpfer,
38%
Mahd,
38%
Saat
38%
Sämann,
38%
Voran
38%
Wege,
38%
ziehn.
38%
Armee,
25%
besiegend
25%
Endlich
25%
engende
25%
erhebt
25%
erschafft,
25%
eure
25%
gefällt.
25%
Geist.
25%
Haft.
25%
Herren
25%
Herrn
25%
Herrschaft
25%
Kerker
25%
letzten
25%
Lüge
25%
rüsten
25%
Schlacht.
25%
schmähend
25%
Sprengen
25%
Tat.
25%
umkreist,
25%
wird
25%
zerbricht
25%
zur
25%
Ketten
13%
Keine übereinstimmenden Quizze gefunden
Verteilung der Resultate
Anzahl Personen mit jedem Resultat
Perzentil nach korrekt beantworteten Fragen
Ihre Resultats-Entwicklung
Sie haben dieses Quiz noch nicht gespielt